The 1970s: critical years for steel

Sparad:
Bibliografiska uppgifter
Huvudupphovsman: William T. Hogan
Materialtyp: Bok
Språk:Undetermined
Publicerad: Toronto Lexington 1972
Ämnen:
Taggar: Lägg till en tagg
Inga taggar, Lägg till första taggen!
Thư viện lưu trữ: Trung tâm Học liệu Trường Đại học Cần Thơ
LEADER 00512nam a2200193Ia 4500
001 CTU_99576
008 210402s9999 xx 000 0 und d
082 |a 338.47669 
082 |b H714 
100 |a William T. Hogan 
245 4 |a The 1970s: critical years for steel 
245 0 |c William T. Hogan 
260 |a Toronto 
260 |b Lexington 
260 |c 1972 
650 |a steel industry and trade 
650 |z united states 
904 |i Truc 
980 |a Trung tâm Học liệu Trường Đại học Cần Thơ